00340nam a2200109 i 4500001000300000245005600003260001700059040000800076041000800084008004100092856009700133bg 0aKibernetika i wycislitelnaja technika :bWypusk 10. aKiew,c1971. cBPK apol s pl f |000 0 pol  uhttp://koha.tu.koszalin.pl/cgi-bin/koha/opac-detail.pl?biblionumber=9185yKatalog online BPK